| 000 | 00872nam a2200241Ia 4500 | ||
|---|---|---|---|
| 003 | OSt | ||
| 005 | 20220923220823.0 | ||
| 006 | a|||||r|||| 00| 0 | ||
| 007 | ta | ||
| 008 | 220922b |||||||| |||| 00| 0 hin d | ||
| 024 | _a190,918 | ||
| 037 | _cTextual | ||
| 040 |
_aARTS _cARTS _bhin |
||
| 041 |
_2hin _ahin |
||
| 082 | _aR65:6z7, 152K3 | ||
| 100 |
_aसरस्वती, अखण्डानन्द, ब्उण् _9164652 |
||
| 245 | 0 |
_aसांख्ययोग _b गीता का द्वितीय अध्याय |
|
| 246 | _aSāankhyayoga: gītā kā dvitīya adhyāya | ||
| 260 | _c1963 | ||
| 490 | _aसत्साहित्य प्रकाशन ट्रस्ट; 9 | ||
| 942 |
_hR65:6z7, 152K3 _cTEXL _2CC |
||
| 999 |
_c343639 _d343639 |
||